01387cam a22003255a 45000010009000000050017000090080041000260200018000670400028000850430012001130820024001251000028001492450080001772500012002572600064002693000034003335040041003676500066004086500052004746510010005266530028005366550024005647000028005887750108006169420008007249990017007329520104007499520104008539520104009571832333520180411150439.0141002t2015 ncua frb 000 0 eng d a9781611636918 aDLCcDLCbengdEG-ScBUE an-us---04222a343.730994bBEN1 aBenjamin, Stuart Minor.10aTelecommunications law and policy /cStuart Minor Benjamin, James B. Speta. a4th ed. aDurham, North Carolina :bCarolina Academic Press,cc.2015. axxiv, 956 p. :bill. ;c26 cm aIncludes bibliographical references. 7aTelecommunicationxLaw and legislationzUnited States.2BUEsh 7aTelecommunication policyzUnited States.2BUEsh 2BUEsh bGGENbENGELCcApril2018 vReading book9342321 aSpeta, James B.,d1966-08iRevision of:tTelecommunications law and policyb3rd ed.dDurham, N.C. : Carolina Academic Press, c2012 2ddc c26499d26471 00102ddc4070aMAINbMAINc1STd2018-04-11l0o343.730994 BENp000047594r2025-07-15 00:00:00yBB 00102ddc4070aMAINbMAINc1STd2018-04-11l0o343.730994 BENp000047595r2025-07-15 00:00:00yBB 00102ddc4070aMAINbMAINc1STd2018-04-11l0o343.730994 BENp000047596r2026-05-04 00:00:00yBB